000 01879nam a2200373 a 4500
001 ebr10670940
003 CaPaEBR
006 m u
007 cr cn|||||||||
008 091106s2010 nyuad sb 001 0 eng d
010 _z 2009044387
020 _z9781608767670 (hc : alk. paper)
020 _z1608767671 (hc : alk. paper)
020 _z9781613242582 (e-book)
040 _aCaPaEBR
_cCaPaEBR
035 _a(OCoLC)738478422
043 _an-us---
050 1 4 _aHV7936.C83
_bC656 2010eb
082 0 4 _a363.2/3
_222
245 0 0 _aCommunity oriented policing
_h[electronic resource] :
_bbackground and issues /
_cJake V. Burke, editor.
260 _aNew York :
_bNova Science Publishers,
_cc2010.
300 _axi, 238 p. :
_bill. (some col.).
490 1 _aSocial issues, justice and status
504 _aIncludes bibliographical references and index.
505 0 _aCommunity oriented policing services (COPS) : current legislative issues / James Nathan -- Community policing defined / United States Dept. of Justice -- Community policing : looking to tomorrow / Drew Diamond, Deirdre Mead Weiss -- Community oriented policing services (COPS) : background, legislation, and funding / James Nathan -- Innovations in police recruitment and hiring : hiring in the spirit of service / Ellen Scrivner.
533 _aElectronic reproduction.
_bPalo Alto, Calif. :
_cebrary,
_d2013.
_nAvailable via World Wide Web.
_nAccess may be limited to ebrary affiliated libraries.
610 2 0 _aCOPS Program (U.S.)
_xEvaluation.
650 0 _aCommunity policing
_zUnited States.
655 7 _aElectronic books.
_2local
700 1 _aBurke, Jake V.
710 2 _aebrary, Inc.
830 0 _aSocial issues, justice and status series.
856 4 0 _uhttp://site.ebrary.com/lib/rucke/Doc?id=10670940
_zAn electronic book accessible through the World Wide Web; click to view
999 _c175742
_d175742